00574nam a22001577a 450000500170000000800410001702000180005805000150007624501390009125000120023026000710024230000380031370000170035170000220036870000260039020250209144750.0250209b |||||||| |||| 00| 0 eng d a9789988824914 aRD31b.P85 aPrinciples and Practice of Surgery including Pathology in the Tropics/cedited by E. A. Badoe, E. Q. Archampong & J. T. da Rocha-Afodu a4th ed. aAccrabDept. of Surgery , University of Ghana Medical Schoolc2009 axv. 1430p.bill. some colorc30cm aBadoe, E. A. aArchampong, E. Q. aRocha-Afodu, da J. T.